|
|
|
|
| LEADER |
01398nam a2200361 a 4500 |
| 001 |
000583541 |
| 003 |
CZ BrMZK |
| 005 |
20140328104004.0 |
| 007 |
ta |
| 008 |
020114s2001 xr f cze d |
| 015 |
|
|
|a cnb001064980
|
| 020 |
|
|
|a 80-7262-124-6
|
| 035 |
|
|
|a (OCoLC)51185052
|
| 040 |
|
|
|a BOA001
|b cze
|
| 072 |
|
7 |
|a 616-053.2
|x Pediatrie
|2 Konspekt
|9 14
|
| 080 |
|
|
|a 616.43/.47-053.2
|2 MRF
|
| 080 |
|
|
|a (062.534)
|2 MRF
|
| 245 |
0 |
0 |
|a Kazuistiky z dětské endokrinologie /
|c Jan Lebl, Marta Šnajderová, Dana Novotná pořadatelé
|
| 250 |
|
|
|a 1. vyd.
|
| 260 |
|
|
|a Praha :
|b Galén,
|c c2001
|
| 300 |
|
|
|a 96 s. :
|b il. (většina barev.) ;
|c 23 cm
|
| 490 |
1 |
|
|a Kazuistiky ;
|v 4
|
| 650 |
0 |
7 |
|a dětská endokrinologie
|7 ph138847
|2 czenas
|
| 655 |
|
7 |
|a sborníky konferencí
|7 fd133333
|2 czenas
|
| 700 |
1 |
|
|a Šnajderová, Marta,
|d 1951-
|7 jn20000402858
|4 edt
|
| 700 |
1 |
|
|a Novotná, Dana
|7 xx0043805
|4 edt
|
| 700 |
1 |
|
|a Lebl, Jan,
|d 1955-
|7 jn19990010093
|4 edt
|
| 830 |
|
0 |
|a Kazuistiky (Galén)
|
| 856 |
4 |
1 |
|u http://www.digitalniknihovna.cz/mzk/uuid/uuid:3924a4e0-2825-11e2-9f39-005056827e51
|y Digitalizovaný dokument
|x NDK
|
| 910 |
|
|
|a BOA001
|b 2-1095.445
|
| 990 |
|
|
|a BK
|
| 996 |
6 |
|
|b 2610151970
|c 2-1095.445
|l MZK
|r Sklad / do 1 hodiny
|n 0
|p p.v.
|w 000583541
|u 000010
|a 1
|e BOA001
|j MZK50
|s P
|
| 996 |
7 |
|
|b 2610152134
|c 2-1095.445
|l MZK
|r Sklad / do 1 hodiny
|n 10
|p kup
|w 000583541
|u 000020
|a 1
|e BOA001
|j MZK50
|s A
|